00389nam a2200157Ia 4500008004100000041000800041082001200049100002100061245005600082250001300138260002700151300000800178365000700186500000700193650003100200231222s2023 xx 000 0 und d aeng a612/PRA aDr.Mahesh Prasad aA Practical Book of Human Anatomy and Physiology -I a9 th Jan bNirali Prakashanc2023 a15p cRS aBV aHuman Anatomy & Physiology